Estadísticas para Campeones de Europa de Baloncesto

Haz click aquí para intentar la prueba.

Estadísticas generales

  • Esta prueba ha sido intentada 140 veces
  • La puntuación promedio es 33 de 64

Estadísticas de respuestas

HintRespuesta% Correcto
1965Real Madrid
100%
1964Real Madrid
100%
2018Real Madrid
100%
1967Real Madrid
100%
1995Real Madrid
100%
2015Real Madrid
100%
1978Real Madrid
100%
1968Real Madrid
100%
1980Real Madrid
100%
1974Real Madrid
100%
2010F.C. Barcelona
97%
2003F.C. Barcelona
97%
2021Anadolu Efes
72%
2022Anadolu Efes
72%
2007Panathinaikos
69%
2002Panathinaikos
69%
1996Panathinaikos
69%
2000Panathinaikos
69%
2011Panathinaikos
69%
2009Panathinaikos
69%
1961CSKA Moscú
67%
1969CSKA Moscú
67%
2008CSKA Moscú
67%
1963CSKA Moscú
67%
1971CSKA Moscú
67%
2016CSKA Moscú
67%
2019CSKA Moscú
67%
2006CSKA Moscú
67%
2017Fenerbache
66%
1992Partizan
61%
1981Maccabi Tel Aviv
60%
1977Maccabi Tel Aviv
60%
2005Maccabi Tel Aviv
60%
2004Maccabi Tel Aviv
60%
2014Maccabi Tel Aviv
60%
1997Olympiakos
57%
2012Olympiakos
57%
2013Olympiakos
57%
1999Zalgiris
41%
1994Joventut de Badalona
33%
1986Cibona
22%
1985Cibona
22%
1966Olimpia Milano
20%
1988Olimpia Milano
20%
1987Olimpia Milano
20%
1989Split
18%
1990Split
18%
1991Split
18%
1993Limoges
15%
1959Riga
15%
1960Riga
15%
1958Riga
15%
1976Varese
11%
1970Varese
11%
1972Varese
11%
1973Varese
11%
1975Varese
11%
1998Virtus Bologna
8%
2001Virtus Bologna
8%
1983Virtus Roma
8%
1984Virtus Roma
8%
1979Bosna
6%
1962Dinamo Tbilisi
6%
1982Cantú
4%

Distribución de puntuación

Porcentaje por número respondido

Porcentaje de gente con cada puntuación

Historial de tus puntuaciones

No has intentado esta prueba.